Statistics for Champions League final goalscorers (excluding penalty shootouts)

Click here to take the quiz!

General Stats

  • This quiz has been taken 30 times
  • The average score is 24 of 64

Answer Stats

YearAnswer% Correct
2008 | 2014Ronaldo
100%
2009 | 2011Messi
83%
2013 | 2017Mandzukic
83%
2005Gerrard
70%
2015Suarez
65%
2014Bale
65%
2017Asensio
61%
2012Drogba
61%
2014Marcelo
61%
2014 | 2016Ramos
61%
2013Robben
61%
2012Muller
52%
2005Alonso
52%
2015Neymar
48%
2011Rooney
43%
2011Villa
43%
2000 | 2002Raul
43%
2011Pedro
43%
2010Milito
43%
2015Rakitic
43%
2008Lampard
43%
1999Sheringham
43%
2014Godin
39%
2006 | 2009Eto'o
39%
2005Maldini
39%
2002Zidane
39%
2007Kuyt
30%
2015Morata
30%
2000Morientes
30%
2005Smicer
30%
2006Campbell
26%
1999Solskjaer
26%
2013Gundogan
26%
2006Belletti
22%
2004Deco
22%
2016Carrasco
22%
2001Effenberg
22%
1994Savicevic
17%
1997Del Piero
17%
1998Mijatovic
17%
1994Desailly
17%
1999Basler
17%
2000McManaman
17%
2002Lucio
17%
1993Boli
17%
2001Mendieta
13%
1997Ricken
13%
1997Riedle
13%
1996Litmanen
13%
1996Ravanelli
13%
2004Carlos Alberto
13%
1995Kluivert
13%
2004Alenitchev
4%
2005Crespo(2)
0%
2007Inzaghi(2)
0%
1994Massaro(2)
0%
2017Ronaldo(2)
0%
2017Caserniro
0%

Score Distribution

Percentile by Number Answered

Percent of People with Each Score

Your Score History

You have not taken this quiz